Ciencias : (Registro nro. 32700)
[ vista simple ]
| 000 -CABECERA | |
|---|---|
| campo fijo de control de longitud | 00904nam a22002657a 4500 |
| 001 - NÚMERO DE CONTROL | |
| campo de control | 32700 |
| 003 - IDENTIFICADOR DEL NÚMERO DE CONTROL | |
| campo de control | AR-RoBPED |
| 005 - FECHA Y HORADE LA ULTIMA TRANSACCION | |
| campo de control | 20260506134850.0 |
| 008 - ELEMENTOS DE LONGITUD FIJA--INFORMACION GENERAL | |
| campo fijo de control de longitud | 260505s1977 sp ad||br|||| 001 0 spa d |
| 040 ## - FUENTE CATALOGADORA | |
| Centro catalogador/agencia de origen | AR-RoBPED |
| 041 ## - IDIOMA | |
| Código de idioma para texto/pista de sonido o título independiente | spa |
| 100 1# - ENCABEZAMIENTO PRINCIPAL--AUTOR PERSONAL | |
| Nombre de persona | Lozano Rey, Luis, |
| Fechas nac-muerte | 1879-1958 |
| 9 (RLIN) | 22793 |
| 245 1# - TITULO | |
| Título | Ciencias : |
| Subtítulo | estudio de la naturaleza. |
| Número, parte, sección | 3 / |
| Mención de responsabilidad | Luis Rey ; dibujos Joel Kuri , Antonio Carmona |
| 250 ## - EDICION | |
| Edición | 3a ed. |
| 260 ## - PUBLICACION | |
| Lugar | Bilbao : |
| Editor | Vasco Americana, |
| Fecha | 1974/6? |
| 300 ## - DESCRIPCION FISICA | |
| Extensión | 206 p. : |
| Otros detalles físicos | il. col. |
| 505 ## - NOTA DE CONTENIDO | |
| Contenido | Anatomía -- Animales -- Invertebrados -- Botánica -- La tierra -- El Universo. |
| 650 #4 - TERMINO DE MATERIA--CONTROLADO | |
| Término controlado | ARCHIVO INFANTIL |
| 9 (RLIN) | 24464 |
| Término controlado | CIENCIAS NATURALES |
| 9 (RLIN) | 535 |
| Término controlado | CUARTO GRADO |
| 9 (RLIN) | 1621 |
| 700 ## - ENCABEZAMIENTO SECUNDARIO--AUTOR PERSONAL | |
| Nombre de persona | Kuri, Joel |
| 9 (RLIN) | 30870 |
| Función | il. |
| Nombre de persona | Carmona, Antonio |
| 9 (RLIN) | 30871 |
| Función | il. |
| 942 ## - ELEMENTOS KOHA | |
| Fuente de clasificación | Universal Decimal Classification |
| Koha tipo de ítem | Libro |
| Clasificación | 502 |
| Pre signatura | IA |
| Signatura librística | LR 91 3 |
| Número Koha | K. 32700 |
| N° inventario | Inv. 42428 |
| 945 ## - PROCESAMIENTO DE LA INFORMACIÓN LOCAL | |
| Catalogador y fecha | cd 05/05/2026 - lgc 05/05/2026 |
| Estado retirado | Estado perdido | Fuente de clasificación | Estado dañado | No se presta | Biblioteca propietaria | Biblioteca de reserva | Fecha de adquisición | Procedencia | Total de préstamos | Signatura topográfica completa | Código de barras (nº de inventario) | Fecha visto por última vez | Catalogador y fecha | Tipo de ítem Koha | Nota pública |
|---|---|---|---|---|---|---|---|---|---|---|---|---|---|---|---|
| Universal Decimal Classification | No se presta | Biblioteca Pedagógica Eudoro Díaz | Biblioteca Pedagógica Eudoro Díaz | 05/05/2026 | donación | IA 502 LR 91 3 | 42428 | 05/05/2026 | cd 05/05/2026 | Libro | No sale a domicilio |